| 000 | 00490nam a22001817a 4500 | ||
|---|---|---|---|
| 003 | DO-SdBNP | ||
| 005 | 20240307185845.0 | ||
| 008 | 201015b 1984 00| 0 eng d | ||
| 040 |
_aDO-SdBNP _bspa _cBNPHU |
||
| 082 | 4 |
_bD159e, 1984 _22 |
|
| 100 | 1 |
_aDamirĂ³n, Rafael, _d1882-1956 _927287 |
|
| 245 | 1 | 0 |
_aEstampas / _cRafael DamirĂ³n. |
| 250 | _a2a ed. | ||
| 260 |
_aSanto Domingo : _bAlfa & Omega, _c1984. |
||
| 300 |
_a217 p. ; _c18 cm. |
||
| 590 | _aInventariado, 2022/BT | ||
| 942 |
_2ddc _cLBS1 |
||
| 999 |
_c48899 _d48899 |
||